<?xml version="1.0" encoding="UTF-8"?>
<record
    xmlns:xsi="http://www.w3.org/2001/XMLSchema-instance"
    xsi:schemaLocation="http://www.loc.gov/MARC21/slim http://www.loc.gov/standards/marcxml/schema/MARC21slim.xsd"
    xmlns="http://www.loc.gov/MARC21/slim">

  <leader>01772nam a22002417a 4500</leader>
  <controlfield tag="003">AR-RoUNCS</controlfield>
  <controlfield tag="005">20260225131005.0</controlfield>
  <controlfield tag="008">180202s2014    sp      r     001   spa  </controlfield>
  <datafield tag="020" ind1=" " ind2=" ">
    <subfield code="z">978-84-15725-50-3</subfield>
  </datafield>
  <datafield tag="040" ind1=" " ind2=" ">
    <subfield code="a">AR-BaBN</subfield>
    <subfield code="b">spa</subfield>
    <subfield code="c">AR-RoUNCS</subfield>
    <subfield code="e">aacr</subfield>
  </datafield>
  <datafield tag="080" ind1=" " ind2=" ">
    <subfield code="0">82-312.4(73) </subfield>
  </datafield>
  <datafield tag="100" ind1="1" ind2=" ">
    <subfield code="a">Cussler, Clive</subfield>
    <subfield code="e">autor</subfield>
    <subfield code="4">aut</subfield>
  </datafield>
  <datafield tag="245" ind1="1" ind2="3">
    <subfield code="a">Las tumbas /</subfield>
    <subfield code="c">Clive Cussler y Thomas Perry.</subfield>
  </datafield>
  <datafield tag="250" ind1=" " ind2=" ">
    <subfield code="a">1a ed.</subfield>
  </datafield>
  <datafield tag="260" ind1=" " ind2=" ">
    <subfield code="a">Barcelona :</subfield>
    <subfield code="b">Random,</subfield>
    <subfield code="c">2014.</subfield>
  </datafield>
  <datafield tag="300" ind1=" " ind2=" ">
    <subfield code="a">409 p. ;</subfield>
    <subfield code="c">21 cm.</subfield>
  </datafield>
  <datafield tag="520" ind1="3" ind2=" ">
    <subfield code="a">En este apasionantethriller Sam y Remi Fargo deber&#xE1;n superar uno de los retos m&#xE1;s dif&#xED;ciles y peligrosos a los que jam&#xE1;s se han enfrentado: hallar el tesoro perdido de Atila, rey de los hunos.

Sam y Remi Fargo participan en una excavaci&#xF3;n arqueol&#xF3;gica altamente secreta donde realizan un hallazgo que les llevar&#xE1; a perseguir un tesoro de valor inestimable. Las pistas les conducen hasta la tumba escondida de Atila el Huno, quien fue enterrado con una gran fortuna en oro y joyas. Pero este sitio arqueol&#xF3;gico milenario ha sido saqueado y nunca se ha recuperado el bot&#xED;n.

En busca del tesoro perdido, viajar&#xE1;n a Hungr&#xED;a, Italia, Francia, Rusia y Kazajist&#xE1;n, y descubrir&#xE1;n otras cinco tumbas hist&#xF3;ricas profanadas.
El matrimonio Fargo se ver&#xE1; envuelto en una trama criminal en la que aparecen codiciosos cazadores de tesoros, un estafador ruso que se hace pasar por un refinado hombre de negocios y un h&#xFA;ngaro despiadado que afirma ser descendiente directo de Atila y que no se frenar&#xE1; ante nada ni nadie para conseguir apropiarse de los tesoros del gran rey de los hunos.</subfield>
  </datafield>
  <datafield tag="650" ind1=" " ind2="7">
    <subfield code="2">embne</subfield>
    <subfield code="a">Literatura norteamericana</subfield>
  </datafield>
  <datafield tag="653" ind1=" " ind2=" ">
    <subfield code="a">Novelas de suspenso</subfield>
  </datafield>
  <datafield tag="655" ind1=" " ind2="7">
    <subfield code="2">embne</subfield>
    <subfield code="a">Novelas de suspense</subfield>
  </datafield>
  <datafield tag="700" ind1="1" ind2=" ">
    <subfield code="a">Perry, Thomas</subfield>
    <subfield code="e">autor</subfield>
  </datafield>
  <datafield tag="942" ind1=" " ind2=" ">
    <subfield code="2">udc</subfield>
    <subfield code="c">OG</subfield>
    <subfield code="n">0</subfield>
  </datafield>
  <datafield tag="999" ind1=" " ind2=" ">
    <subfield code="c">915</subfield>
    <subfield code="d">915</subfield>
  </datafield>
  <datafield tag="952" ind1=" " ind2=" ">
    <subfield code="0">0</subfield>
    <subfield code="1">0</subfield>
    <subfield code="2">udc</subfield>
    <subfield code="4">0</subfield>
    <subfield code="7">0</subfield>
    <subfield code="8">CG</subfield>
    <subfield code="a">ESOCIALES</subfield>
    <subfield code="b">ESOCIALES</subfield>
    <subfield code="d">2026-02-25</subfield>
    <subfield code="e">Donaci&#xF3;n 2023</subfield>
    <subfield code="l">0</subfield>
    <subfield code="o">82-312.4(73) C986</subfield>
    <subfield code="p">000490</subfield>
    <subfield code="r">2026-02-25 13:10:53</subfield>
    <subfield code="w">2026-02-25</subfield>
    <subfield code="y">OG</subfield>
  </datafield>
</record>
